Guess the WWE wrestler by their finisher - Statistics

General Stats
  • This quiz has been taken 76 times
  • The average score is 10 of 14
Answer Stats
Hint Answer % Correct
Tombstone Undertaker
96%
Attitude Adjustment, STF John Cena
92%
RKO, Punt Kick Randy Orton
92%
619 Rey Mysterio
89%
The Pedigree, Indian Deathlock Triple H
89%
Sweet Chin Music Shawn Michaels
88%
Phenomenal Forearm AJ Styles
76%
Jackhammer Spear Goldberg
72%
Atomic Leg Drop Hulk Hogan
67%
Pop-up Power Bomb Kevin Owens
57%
Twist of fate Matt Hardy
56%
Blue Thunder Bomb Sami Zayn
42%
BFT LA Kniight
38%
Modified Swinging Neckbreaker, The Back Stabber Carlito Caribbean Cool
3%
No matching quizzes found
Score Distribution
Percent of People with Each Score
Percentile by Number Answered
Your Score History
You have not taken this quiz